Материалы для истории Пугачевского бунта, собранные С.С. Краснодубровским (Запись № 3587316)

Подробности
000 -МАРКЕР
контрольное поле 02065nam0a22003251 4500
001 - ИДЕНТИФИКАТОР ЗАПИСИ
контрольное поле v19\rc\1547737
005 - ИДЕНТИФИКАТОР ВЕРСИИ
контрольное поле 20260408012624.0
035 ## - ДРУГИЕ СИСТЕМНЫЕ НОМЕРА
Идентификатор записи (NLR Aleph) 004663903
100 ## - ДАННЫЕ ОБЩЕЙ ОБРАБОТКИ
Данные общей обработки 20060620d1889 |||y0rusy50 ca
101 0# - ЯЗЫК РЕСУРСА
Язык текста, звукозаписи и т.д. русский
102 ## - СТРАНА ПУБЛИКАЦИИ ИЛИ ПРОИЗВОДСТВА
Страна публикации Российская Федерация
105 ## - ПОЛЕ КОДИРОВАННЫХ ДАННЫХ: ТЕКСТОВЫЕ МАТЕРИАЛЫ, МОНОГРАФИЧЕСКИЕ
Кодированные данные о монографическом текстовом документе y z |||||
200 1# - ЗАГЛАВИЕ И СВЕДЕНИЯ ОБ ОТВЕТСТВЕННОСТИ
Основное заглавие Материалы для истории Пугачевского бунта, собранные С.С. Краснодубровским
Сведения, относящиеся к заглавию из Архива Астраханской духовной консистории
-- дело за № 8633
-- [читано в заседании Архивной комиссии]
210 ## - ПУБЛИКАЦИЯ, РАСПРОСТРАНЕНИЕ И ДР.
Место издания, распространения и т.д. Саратов
Имя издателя, распространителя и т. д. Типография Губернского Земства
Дата издания, распространения и т.д. 1889
215 ## - ФИЗИЧЕСКАЯ ХАРАКТЕРИСТИКА
Специфическое обозначение материала и объем [2], 47 с.
Размеры 24
225 1# - СЕРИЯ
Основное заглавие серии Труды Саратовской ученой архивной комиссии
Обозначение тома 1889, т. 2, вып. 2
300 ## - ОБЩИЕ ПРИМЕЧАНИЯ
Текст примечания "Перепеч. из вып. 2 за 1889 г. "Трудов" Саратовской ученой архивной комиссии"
316 ## - ПРИМЕЧАНИЯ ОБ ОСОБЕННОСТЯХ ЭКЗЕМПЛЯРА
Текст примечания Экз. РНБ на шифре 18.122.2.207: с автографом автора
Организация и экземпляр, к которому относится поле NLR: 18.122.2.207
488 #0 - ДРУГИЕ ВЗАИМОСВЯЗАННЫЕ ПРОИЗВЕДЕНИЯ (ДОКУМЕНТЫ)
Встроенное поле 2001#$aТруды Саратовской ученой архивной комиссии$v1889 год, т. 2, вып. 2
Заглавие Труды Саратовской ученой архивной комиссии
517 1# - ДРУГИЕ ВАРИАНТЫ ЗАГЛАВИЯ
Вариант заглавия Архив Астраханской духовной консистории
-- Из Архива Астраханской духовной консистории
Сведения, относящиеся к заглавию [читано в заседании Архивной комиссии]
Язык заглавия русский
700 #1 - ИМЯ ЛИЦА - ПЕРВИЧНАЯ ОТВЕТСТВЕННОСТЬ
Материалы, к которым относится поле rus
Графика поля Кириллица
Начальный элемент ввода Краснодубровский
Часть имени, кроме начального элемента ввода С. С.
Даты 1860-
Расширение инициалов личного имени Степан Семенович
Идентификатор авторитетной/нормативной записи RU\NLR\AUTH\7783629
Системный номер авторитетной/нормативной записи 66557
712 02 - НАИМЕНОВАНИЕ ОРГАНИЗАЦИИ - ВТОРИЧНАЯ ОТВЕТСТВЕННОСТЬ
Код отношения Прочие
Начальный элемент ввода Астраханская духовная консистория
Идентификатор авторитетной/нормативной записи RU\NLR\AUTH\8810174850
Системный номер авторитетной/нормативной записи 845758
801 #0 - ИСТОЧНИК ЗАПИСИ
Страна Российская Федерация
Организация NLR
Правила каталогизации psbo
801 #0 - ИСТОЧНИК ЗАПИСИ
Страна Российская Федерация
Организация RuMoRGB
Источник данных psbo
801 #1 - ИСТОЧНИК ЗАПИСИ
Страна Российская Федерация
Организация ProSoft-M
Источник данных rusmarc
801 #2 - ИСТОЧНИК ЗАПИСИ
Страна Российская Федерация
Организация NLR
Дата составления 20180205
Источник данных rusmarc
852 ## - МЕСТОНАХОЖДЕНИЕ И ШИФР ХРАНЕНИЯ
Идентификатор организации NLR
Шифр хранения (Call Number) 18.122.2.207
942 ## - ДОПОЛНИТЕЛЬНЫЕ ЭЛЕМЕНТЫ ЗАПИСИ (АБИС)
Тип экземпляра АБИС Книга
980 ## - КОЛЛЕКЦИЯ
Название коллекции Национальная библиография

Нет доступных экземпляров.